Možnosti vyhľadávania informácií v internete bakalárska práca

Guardado en:
Detalles Bibliográficos
Autor principal: Kiseľák, Martin
Autor Corporativo: Fakulta hospodárskej informatiky EU. Katedra aplikovanej informatiky
Otros Autores: Cárachová, Magdaléna
Formato: Libro
Lenguaje:eslovaco
Publicado: Bratislava 2011
Etiquetas: Agregar Etiqueta
Sin Etiquetas, Sea el primero en etiquetar este registro!

MARC

LEADER 00000nbm a2200000 4500
001 0141024
005 20161109111729.0
041 0 |a slo 
044 |a SK 
245 1 0 |a Možnosti vyhľadávania informácií v internete  |b bakalárska práca  |c Martin Kiseľák ; školiteľ: Magdaléna Cárachová 
264 1 |a Bratislava  |c 2011 
300 |a 42 s. 
100 1 |a Kiseľák, Martin 
700 1 |a Cárachová, Magdaléna 
710 2 |a Fakulta hospodárskej informatiky EU. Katedra aplikovanej informatiky